000 00608nam a2200229 a 4500
001 nice12345678
003 IN_TiNIC
005 20260116012348.0
008 050524s1974 laha grp 000 0 urd
020 _a
_c100
082 0 0 _a227.1
_bBIB
245 _aMuqaddas Pauloos Rasool Ka Khat Roma Ki Kalisiya Ke Naam.
260 _aLahore
_bBible Society of India
_c1974
300 _a68p
500 _aincludes index and biblioraphy
505 2 _aBibliograpphy, Index
650 _aBible N.T. Epistles Romans
710 2 _aBible Society of India
902 _bSRS
942 _cBK
999 _c6703
_d6703